Año virgíneo cuyos días son finezas de la gran reyna del cielo, María Santísima, Virgen Madre del Altíssimo.

Detalles Bibliográficos
Autor principal: DOLZ DEL CASTELLAR, Esteban
Formato: Libro
Publicado: Valencia 1687
Materias:
Colección:Banco de datos
Acervo:Biblioteca del Convento de Santa Mónica de la Ciudad de Puebla. Puebla
Descripción Física:3a. parte
Tema general:Mariología
Notas:Buena. No. de Reg. 190013. E1, 18.
LEADER 00759nam a22002050004500
035 |a 52588 
036 |a 2356 
100 1 |a DOLZ DEL CASTELLAR, Esteban 
245 1 0 |a Año virgíneo cuyos días son finezas de la gran reyna del cielo, María Santísima, Virgen Madre del Altíssimo. 
260 |a Valencia  |b ed. Francisco Agrait, imp. Vicente Cabrera  |c 1687 
300 |a 3a. parte 
500 |a Buena. No. de Reg. 190013. E1, 18. 
650 1 0 |a Mariología 
949 |a CRP-SM 
959 |a Ex convento de Santa Mónica. Puebla, Puebla  |b CCC5 
960 |a Convento de Santa Mónica de la ciudad de Puebla  |b DD88 
961 |a Franciscana  |b OF 
942 |c CRP-SM 
943 |g Biblioteca del Convento de Santa Mónica de la Ciudad de Puebla. Puebla 
999 |c 962926  |d 962926